00425 2200169 4500001002100000005001500021008004100036035001900077041000700096082001500103090002100118100002100139245002000160260003300180300002600213650001600239INLIS00000000000164620241224112404241224||||||||| | ||| |||| || |  0010-1224001646 aid0 a398.209598 a398.209598 YUL p0 aYuliadi Soekardi00aPangeran Kornel aBandungbPustaka Setiac2004 a124 hlm.:ilus.;25 cm. 0aIlmu Sosial